Marcas que começam com S - Statistics

Estatísticas Gerais
  • Esse quiz foi jogado 23 vezes
  • A pontuação média é 3 de 30
Estatísticas das Respostas
Hint Resposta % Correto
9. Samsung
50%
29. Suzuki
38%
28. Subway
31%
1. Skoda
25%
27. Starbucks
25%
2. Seat
19%
24. Sprite
19%
3. Sega
13%
19. Skype
13%
21. Snickers
13%
22. Sony Ericsson
13%
14. Saab
6%
8. SAP
6%
17. Sharp
6%
18. Smart
6%
20. Smarties
6%
23. Spotify
6%
16. Safeway
0%
7. Salsa
0%
10. Santander
0%
12. Seiko
0%
15. Sensodyne
0%
6. Sephora
0%
13. Skechers
0%
4. Sportzone
0%
5. Springfield
0%
26. Staples
0%
25. STP
0%
11. Swarovski
0%
30. Swatch
0%
Nenhum quiz correspondente encontrado
Distribuição das Pontuações
Porcentagem de Pessoas com Cada Pontuação
Percentil de Números Respondidos
Sua Pontuação Histórica
Você não jogou esse quiz